WWE 2K Cover Superstars - Statistics

General Stats
  • This quiz has been taken 328 times
  • The average score is 12 of 12
Answer Stats
Picture Answer % Correct
John Cena
100%
John Cena
100%
The Rock
99%
CM Punk
98%
Randy Orton
98%
Stone Cold Steve Austin
98%
Brock Lesnar
97%
Seth Rollins
97%
AJ Styles
96%
Cody Rhodes
96%
Rey Mysterio
95%
Becky Lynch
90%
No matching quizzes found
Score Distribution
Percent of People with Each Score
Percentile by Number Answered
Your Score History
You have not taken this quiz